000
00282nam a2200109Ia 4500
008
230907s9999||||xx |||||||||||||| ||und||
082
_a
333.7932
_b
SMA
245
0
_a
SmartGrids /
260
_a
ISTE ; | Wiley,
_b
London : | Hoboken, NJ :
_c
2012
300
_a
xix, 358 p. :
942
_c
BK
999
_c
598028
_d
598028